[Event "RUS-chT2"]
[Site "Sochi"]
[Date "2025.04.28"]
[Round "3.1"]
[White "Borisov, Maxim S"]
[Black "Turov, Maxim"]
[Result "0-1"]
[WhiteElo "2198"]
[BlackElo "2536"]
[PlyCount "80"]
[EventDate "2025.04.26"]
[EventType "team-swiss"]
[EventRounds "9"]
[EventCountry "RUS"]
[SourceTitle "CB19_2025"]
[SourceDate "2025.05.07"]
[SourceVersion "1"]
[SourceVersionDate "2025.05.07"]
[SourceQuality "1"]
[WhiteTeam "Rostovskaya oblast Gambit"]
[BlackTeam "St Petersburg Galereya"]
[WhiteTeamCountry "RUS"]
[BlackTeamCountry "RUS"]

1. e4 c5 2. Nf3 e6 3. d4 cxd4 4. Nxd4 Nf6 5. Nc3 Nc6 6. Ndb5 Bb4 7. a3 Bxc3+ 8. Nxc3 d5 9. Bd3 dxe4 10. Nxe4 Nxe4 11. Bxe4 Qxd1+ 12. Kxd1 Bd7 13. Be3 f5 14. Bxc6 Bxc6 15. f3 Kf7 16. Kc1 e5 17. b3 f4 18. Bd2 g5 19. Re1 Rhe8 20. Kb2 Kg6 21. Re2 Kf5 22. Rae1 h5 23. h3 Re6 24. c4 e4 25. fxe4+ Rxe4 26. h4 Rd8 27. Kc3 g4 28. b4 g3 29. b5 Rxe2 30. Rxe2 Be4 31. c5 Rd3+ 32. Kb4 f3 33. gxf3 Bxf3 34. Re3 Rxd2 35. Rxf3+ Kg4 36. Rf7 g2 37. Rxb7 Kxh4 38. Rg7 Rd4+ 39. Ka5 Rg4 40. Rxg4+ hxg4 0-1

[Event "RUS-chT2"]
[Site "Sochi"]
[Date "2024.05.10"]
[Round "9.14"]
[White "Borisov, Maxim S"]
[Black "Rostovtsev, Dmitry"]
[Result "1/2-1/2"]
[WhiteElo "2077"]
[BlackElo "2298"]
[PlyCount "76"]
[EventDate "2024.05.01"]
[EventType "team-swiss"]
[EventRounds "9"]
[EventCountry "RUS"]
[SourceTitle "CBM 220 Extra"]
[Source "ChessBase"]
[SourceDate "2024.07.31"]
[SourceVersion "1"]
[SourceVersionDate "2024.07.31"]
[SourceQuality "1"]
[WhiteTeam "Rostovskaya oblast Gambit"]
[BlackTeam "Moscow Formula Shakhmat"]
[WhiteTeamCountry "RUS"]
[BlackTeamCountry "RUS"]

1. e4 c5 2. Nf3 d6 3. d4 cxd4 4. Nxd4 Nf6 5. Nc3 a6 6. Be3 Ng4 7. Bc1 Nf6 8. f3 e6 9. Be3 Be7 10. Qd2 Qc7 11. 0-0-0 b5 12. g4 Bb7 13. Kb1 h6 14. h4 b4 15. Nce2 d5 16. e5 Nfd7 17. f4 Nb6 18. b3 N8d7 19. Bg2 0-0-0 20. Rc1 Kb8 21. c3 bxc3 22. Rxc3 Nc5 23. Rhc1 Rc8 24. R1c2 Qd7 25. Qc1 Ne4 26. Nc6+ Rxc6 27. Rxc6 Nc4 28. bxc4 Bxc6 29. Nd4 Ba4 30. Nb3 Rc8 31. cxd5 Rxc2 32. Qxc2 exd5 33. f5 Qb5 34. e6 fxe6 35. Bf4+ Ka7 36. fxe6 Qb6 37. Bxe4 dxe4 38. Be3 Qxe3 1/2-1/2

[Event "Rostov on Don rapid GP Stage 28th"]
[Site "Rostov on Don"]
[Date "2021.10.29"]
[Round "3"]
[White "Nazaretyan, Tigran"]
[Black "Borisov, Maxim S"]
[Result "1-0"]
[WhiteElo "2316"]
[BlackElo "2135"]
[PlyCount "105"]
[EventDate "2021.10.29"]
[EventType "swiss"]
[EventRounds "11"]
[EventCountry "RUS"]
[SourceTitle "CBM 204 Extra"]
[Source "ChessBase"]
[SourceDate "2021.11.30"]
[SourceVersion "1"]
[SourceVersionDate "2021.11.30"]
[SourceQuality "1"]

1. d4 Nf6 2. c4 e6 3. Nf3 b6 4. a3 Ba6 5. e3 Be7 6. Nc3 d5 7. Ne5 0-0 8. Qf3 c6 9. cxd5 cxd5 10. g4 Bxf1 11. Kxf1 Nfd7 12. Nd3 Nc6 13. Kg2 Rc8 14. Bd2 Na5 15. Rag1 Qc7 16. h4 Nc4 17. Be1 Qb7 18. a4 Nd6 19. Nf4 Ne4 20. Qe2 Nxc3 21. Bxc3 e5 22. Nd3 e4 23. Nf4 Bd6 24. Nh3 Qc6 25. Qb5 Nb8 26. Rc1 a6 27. Qxc6 Nxc6 28. Rc2 Rc7 29. Rhc1 Rfc8 30. Be1 Ne7 31. Rxc7 Rxc7 32. Rxc7 Bxc7 33. f3 exf3+ 34. Kxf3 f6 35. Bg3 Bxg3 36. Kxg3 Kf7 37. Nf4 g5 38. hxg5 fxg5 39. Nd3 Nc6 40. Kf3 a5 41. Nc1 Kg6 42. Ne2 h5 43. gxh5+ Kxh5 44. e4 g4+ 45. Kf4 Ne7 46. exd5 Nxd5+ 47. Ke5 Nb4 48. d5 Nd3+ 49. Kf6 Nc5 50. d6 Kh4 51. Ke7 g3 52. Nxg3 Kxg3 53. d7 1-0

[Event "RUS-ch Higher League 74th"]
[Site "Cheboksary"]
[Date "2021.06.30"]
[Round "5"]
[White "Rudovskii, Filipp"]
[Black "Borisov, Maxim S"]
[Result "1/2-1/2"]
[WhiteElo "2260"]
[BlackElo "2051"]
[PlyCount "77"]
[EventDate "2021.06.26"]
[EventType "swiss"]
[EventRounds "9"]
[EventCountry "RUS"]
[SourceTitle "CBM 203 Extra"]
[Source "ChessBase"]
[SourceDate "2021.09.30"]
[SourceVersion "1"]
[SourceVersionDate "2021.09.30"]
[SourceQuality "1"]

1. e4 c6 2. d4 d5 3. e5 c5 4. dxc5 e6 5. a3 Bxc5 6. b4 Bb6 7. Qg4 Ne7 8. Qxg7 Rg8 9. Qxh7 Bd4 10. Ra2 Bxe5 11. Nf3 Bf6 12. Bb2 Bxb2 13. Rxb2 Qc7 14. c4 Nbc6 15. Nbd2 Bd7 16. Rc2 Qf4 17. Qh4 Qf5 18. Rc3 Rg4 19. Qh8+ Rg8 20. Qh6 Rg6 21. Qe3 Qf6 22. Rc1 Nf5 23. Qc3 Ncd4 24. g3 dxc4 25. Nxd4 Nxd4 26. Bg2 Bc6 27. Bxc6+ bxc6 28. Qxc4 Rd8 29. 0-0 Qf5 30. f4 Qh3 31. Rf2 Rd5 32. Nb3 Rxg3+ 33. hxg3 Qxg3+ 34. Rg2 Qe3+ 35. Kf1 Qf3+ 36. Kg1 Qe3+ 37. Kf1 Qf3+ 38. Kg1 Qe3+ 39. Kf1 1/2-1/2

[Event "RUS-ch Higher League 74th"]
[Site "Cheboksary"]
[Date "2021.06.29"]
[Round "4"]
[White "Borisov, Maxim S"]
[Black "Savitskiy, Sergey"]
[Result "0-1"]
[WhiteElo "2051"]
[BlackElo "2437"]
[PlyCount "112"]
[EventDate "2021.06.26"]
[EventType "swiss"]
[EventRounds "9"]
[EventCountry "RUS"]
[SourceTitle "CBM 203 Extra"]
[Source "ChessBase"]
[SourceDate "2021.09.30"]
[SourceVersion "1"]
[SourceVersionDate "2021.09.30"]
[SourceQuality "1"]

1. d4 d5 2. c4 dxc4 3. e4 Nf6 4. e5 Nd5 5. Bxc4 Nb6 6. Bb3 Nc6 7. Ne2 Bf5 8. Nbc3 e6 9. 0-0 Qd7 10. Be3 0-0-0 11. Qc1 Kb8 12. Rd1 Qe8 13. Ng3 Bg6 14. Nge4 Bxe4 15. Nxe4 f6 16. a3 Qg6 17. Nc3 fxe5 18. dxe5 Be7 19. f4 Rxd1+ 20. Qxd1 Rd8 21. Qb1 Qh6 22. Qe4 g5 23. g3 gxf4 24. gxf4 Qh3 25. Kh1 Na5 26. Ba2 Nbc4 27. Bg1 a6 28. Ne2 Nb3 29. Bxb3 Qxb3 30. Nd4 Qh3 31. Qg2 Qh6 32. b3 Nxa3 33. Qg4 Qg6 34. Qxg6 hxg6 35. Nxe6 Rd2 36. Bc5 Bxc5 37. Nxc5 Nb5 38. Re1 Nd4 39. Re3 Nf5 40. Rh3 a5 41. Kg1 b6 42. Ne6 c5 43. Nf8 b5 44. e6 c4 45. bxc4 b4 46. Nxg6 a4 47. Rh5 Nd6 48. Ra5 a3 49. e7 a2 50. c5 Ne8 51. Ne5 b3 52. Nc4 Rd1+ 53. Kg2 a1Q 54. Rxa1 Rxa1 55. h4 Kc7 56. h5 Re1 0-1